000
00358nam a2200133Ia 4500
008
151001s9999||||xx |||||||||||||| ||und||
100
_a
उषा यादव
245
_a
फिर से हसो धरती मां
250
_a
1
260
_b
प्रकाशन विभाग
260
_c
2006
300
_a
57
365
_b
21
999
_c
989193
_d
989190